Derecho de daños 2013 / (Record no. 185144)
[ view plain ]
| 000 -LEADER | |
|---|---|
| campo de control de longitud fija | 01223nam a2200301 i 4500 |
| 001 - NÚMERO DE CONTROL | |
| campo de control | 185144 |
| 003 - IDENTIFICADOR DE NÚMERO DE CONTROL | |
| campo de control | SpMaBN |
| 005 - FECHA Y HORA DE LA ÚLTIMA TRANSACCIÓN | |
| campo de control | 20250908230637.0 |
| 008 - DATOS DE LONGITUD FIJA--INFORMACIÓN GENERAL | |
| campo de control de longitud fija | 160328s2013 sp |||| | spa d |
| 020 ## - NÚMERO INTERNACIONAL ESTÁNDAR DEL LIBRO | |
| Número Internacional Estándar del Libro | 978-84-9014-115-1 |
| 080 ## - NÚMERO DE LA CLASIFICACIÓN DECIMAL UNIVERSAL | |
| Número de la Clasificación Decimal Universal | 347.5(460) |
| 080 ## - NÚMERO DE LA CLASIFICACIÓN DECIMAL UNIVERSAL | |
| Número de la Clasificación Decimal Universal | 368.86:351.824(460) |
| 245 00 - MENCIÓN DEL TÍTULO | |
| Título | Derecho de daños 2013 / |
| Mención de responsabilidad, etc. | director, Mariano José Herrador Guardia ; autores, Julio Banacloche Palao, José Manuel Busto Lago, Javier Carrascosa González ... [et al.]. |
| 250 ## - MENCION DE EDICION | |
| Mención de edición | 1ª ed. |
| 260 ## - PUBLICACIÓN, DISTRIBUCIÓN, ETC. | |
| Lugar de publicación, distribución, etc. | Cizur Menor, Navarra : |
| Nombre del editor, distribuidor, etc. | Aranzadi, |
| Fecha de publicación, distribución, etc. | 2013. |
| 300 ## - DESCRIPCIÓN FÍSICA | |
| Extensión | 988 p. ; |
| Dimensiones | 25 cm. |
| 504 ## - NOTA DE BIBLIOGRAFÍA, ETC. | |
| Nota de bibliografía, etc. | Referencias bibliográficas. |
| 650 #0 - PUNTO DE ACCESO ADICIONAL DE MATERIA--TÉRMINO DE MATERIA | |
| Término de materia o nombre geográfico como elemento de entrada | Daños y perjuicios |
| 9 (RLIN) | 234449 |
| Subdivisión geográfica | España |
| 650 04 - PUNTO DE ACCESO ADICIONAL DE MATERIA--TÉRMINO DE MATERIA | |
| Término de materia o nombre geográfico como elemento de entrada | Responsabilidad civil- |
| Subdivisión geográfica | España |
| 9 (RLIN) | 16867 |
| 650 #0 - PUNTO DE ACCESO ADICIONAL DE MATERIA--TÉRMINO DE MATERIA | |
| Término de materia o nombre geográfico como elemento de entrada | Seguros de responsabilidad civil |
| 9 (RLIN) | 234450 |
| Subdivisión geográfica | España |
| 700 1# - ENTRADA AGREGADA--NOMBRE PERSONAL | |
| Nombre de persona | Herrador Guardia, Mariano José |
| Término indicativo de función/relación | Director de publicación |
| 9 (RLIN) | 151606 |
| 700 1# - ENTRADA AGREGADA--NOMBRE PERSONAL | |
| Nombre de persona | Banacloche Palao, Julio, |
| Fechas asociadas al nombre | 1969- |
| Término indicativo de función/relación | Autor |
| 9 (RLIN) | 159230 |
| 852 ## - LOCALIZACIÓN | |
| Ubicación | ES-MaACL |
| Número de control de estantería | A-13665 |
| itemnumber | 192163 |
| Sublocalización o colección | R.150912 |
| Ubicación en estantería | Depósito 1 |
| Signatura antigua | Olim: N-6665 |
| Donativo/Legado | Donación: Mariano José Herrador Guardia |
| Encuadernación | - enc. cart. |
| 903 ## - NOMBRE PERSONAL DE DONANTE | |
| a | Herrador Guardia, Mariano José |
| e | Donante |
| 9 | 151606 |
| 942 ## - ELEMENTOS DE ENTRADA SECUNDARIOS (KOHA) | |
| Fuente del sistema de clasificación o colocación | Clasificación decimal universal |
| Tipo de ítem Koha | Libro impreso |
| Estatus retirado | Estado de pérdida | Fuente del sistema de clasificación o colocación | Estado de daño | No para préstamo | Biblioteca de origen | Biblioteca actual | Ubicación en estantería | Fecha de adquisición | Fuente de adquisición | Número de control de estantería | Total de préstamos | Signatura topográfica completa | Código de barras | Visto por última vez | Precio de reemplazo | Tipo de ítem Koha |
|---|---|---|---|---|---|---|---|---|---|---|---|---|---|---|---|---|
| Clasificación decimal universal | Biblioteca del Ateneo de Madrid | Biblioteca del Ateneo de Madrid | Depósito 1 | 28/03/2016 | Donación | 1 | A-13665 | 1195019 | 23/02/2023 | 23/02/2023 | Libro impreso |
